000 00536 a2200205 4500
005 20260129105448.0
008 260128b |||||||| |||| 00| 0 eng d
020 _a9781529714128
_c$ 58.00
040 _aMAIN
082 _a300.72
_bS35D(2)
100 _aSalmons, Janet E
245 _aDoing qualitative research online
250 _a2nd
260 _bSage Publications
_c2022
_aLondon
300 _axxxvi, 344
650 _aSocial Science
650 _aQualitative Research Methods
650 _aDigital Methods
942 _cBK
999 _c395440
_d395440